| 000 | 00623nam a2200229Ia 4500 | ||
|---|---|---|---|
| 005 | 20241129115658.0 | ||
| 008 | 241129s9999||||xx |||||||||||||| ||und|| | ||
| 020 | _a9788126567614 | ||
| 037 | _aTB | ||
| 040 |
_aSDCL _beng _cSDCL |
||
| 041 |
_aeng _2eng |
||
| 084 |
_aL:3 Q7 _qSDCL |
||
| 100 |
_aTortora Gerard J.; Derrickson Bryan _9728060 |
||
| 245 | 0 | _aTortora's principles of anatomy and physiology with study guide | |
| 250 | _a15th | ||
| 260 |
_aHoboken _bWiley _c2017 |
||
| 300 | _axii,989p+VP | ||
| 365 |
_aINR _b3495 |
||
| 650 | _aBiophysics | ||
| 942 |
_cTB _hL:3 Q7 |
||
| 999 |
_c1231528 _d1231528 |
||